| 000 | 00670nam a22001817a 4500 | ||
|---|---|---|---|
| 999 |
_c187741 _d187741 |
||
| 005 | 20220428131311.0 | ||
| 010 | _aENG-132444 | ||
| 020 | _c295.00 | ||
| 035 | _aEN-115976 | ||
| 037 | _bDBAD/PUB | ||
| 082 | _a610.730285 | ||
| 100 | _aCharani, Durgi | ||
| 245 |
_aIntroduction To Computers: _bFor First Year B.Sc. Nursing/ _cDurgi Charani |
||
| 260 |
_aVijayawada _bVijayam Publications _c2019 |
||
| 270 |
_a28-2-28, Ramamandiram St., Governerpet, Eluru Road, Andhra Pradesh, _bVijayawada _e517502 _k0866-2432445, 888541400, 8885414666 _l2432445/6 _mvijayampublications_vja@yahoo.com |
||
| 300 |
_aVp. _c24cm(pbk) |
||
| 942 |
_2ddc _cEN _h610.730285 _mCHA |
||